| 000 | 00727nam a2200193Ia 4500 | ||
|---|---|---|---|
| 001 | 3460 | ||
| 003 | GE_BSU | ||
| 008 | 181216s||||||||xx |||||||||||||| ||und|| | ||
| 040 | _cGE_BSU | ||
| 080 | _a621.7(035.3) | ||
| 100 | _aБаклунов,Е.Д. Белопухов,А.К. Жебин,М.И и др. | ||
| 245 | _aСправочник металлиста в 5 томах.Том 3. | ||
| 245 | _cРед. сов. Б.Л.Богуславский, А.Н.Малов, М.П.Новиков и др. Под ред. А.Н.Малова. | ||
| 250 | _aИзд. третье, перераб. | ||
| 260 | _c1977 | ||
| 300 | _a748 стр. с илл. | ||
| 653 | _aСправочник металлиста в 5 томах. | ||
| 942 | _cBK | ||
| 999 |
_c37498 _d37498 |
||